Cricket: Most Combined Career International Runs - Statistics

General Stats
  • This quiz has been taken 27 times
  • The average score is 18 of 20
Answer Stats
Country Years Runs Average Answer % Correct
SA 2004-2018 20014 48.11 AB de Villiers
100%
WI 1990-2007 22358 46.28 Brian Lara
100%
WI 1999-2021* 19548 38.25 Chris Gayle
100%
SL 2000-2015 28016 46.77 Kumar Sangakkara
100%
IND 1989-2013 34357 48.52 Sachin Tendulkar
100%
SL 1989-2011 21032 34.14 Sanath Jayasuriya
100%
IND 2008-2021* 22937 55.40 Virat Kohli
100%
SA 2004-2019 18672 46.56 Hashim Amla
96%
PAK 1991-2007 20580 43.32 Inzamam-ul-Haq
96%
SA 1995-2014 25534 49.10 Jacques Kallis
96%
SL 1997-2015 25957 39.15 Mahela Jayawardene
96%
IND 1996-2012 24208 45.41 Rahul Dravid
96%
AUS 1995-2012 27483 45.95 Ricky Ponting
96%
SL 1999-2016 17671 38.16 Tillakaratne Dilshan
92%
NZ 2006-2021* 18054 43.39 Ross Taylor
88%
IND 1992-2008 18575 41.46 Sourav Ganguly
88%
PAK 2000-2017 17790 39.88 Younis Khan
84%
WI 1994-2015 20988 45.72 Shivnarine Chanderpaul
80%
AUS 1985-2004 18496 41.65 Steve Waugh
72%
AUS 1978-1994 17698 40.77 Allan Border
68%
No matching quizzes found
Score Distribution
Percent of People with Each Score
Percentile by Number Answered
Your Score History
You have not taken this quiz